000 01114nam a22002537a 4500
999 _c65277
_d65277
005 20240530110816.0
008 190624s2019 ua ah f bm 000 0 ara d
017 _a2019/1872
_bمصر. دار الكتب
020 _a9789777282819
040 _aEG-CaGPL
_cEG-CaGPL
082 0 4 _221
_a728.82 /
_bق/أ ق
100 0 _aاحمد مطاوع حسين شيخون
245 1 0 _aقصور الرئاسة فى مدينة القاهرة :
_bدراسة اثارية معمارية : ( 1221 - 1372 هـ ) / ( 1805 - 1952 م ) /
_cتاليف احمد مطاوع حسين شيخون
250 _aط. 1
260 _aالقاهرة :
_bدار الحكمة للطباعة و النشر و التوزيع،
_c2019.
300 _a366 ص. :
_bايض ؛
_c24 سم.
504 _aيشتمل على ارجاعات ببليوجرافية
650 0 7 _2qrmak
_aالقصور الاسلامية
650 0 7 _2qrmak
_aالمبانى التاريخية
650 0 7 _2qrmak
_aالعمارة الاسلامية
651 0 7 _2qrmak
_aالقاهرة
_xالقصور
942 _2ddc
_cBK